Les plus grandes villes hispanophones - Statistiques

Statistiques générales
  • Ce quiz a été pris 137 fois
  • Le résultat moyen est 14 sur 30
Statistiques - réponses
Population Ville % Correct
3 422 416 Madrid
99%
1 686 208 Barcelone
97%
8 843 706 Mexico
96%
3 120 612 Buenos Aires
93%
8 034 849 Bogota
92%
11 166 200 Lima
88%
6 269 384 Santiago
87%
3 523 959 Caracas
76%
1 318 755 Montevideo
71%
1 763 275 Quito
64%
2 137 847 La Havane
63%
2 611 104 Medellín
61%
1 132 969 Panama
60%
1 385 621 Guadalajara
50%
1 142 952 Monterrey
42%
1 810 645 Tijuana
37%
2 234 426 Cali
36%
1 132 000 Tegucigalpa
33%
1 505 250 Córdoba
21%
2 650 288 Guayaquil
18%
1 542 232 Puebla
17%
1 326 588 Barranquilla
16%
1 501 551 Ciudad Juárez
16%
1 982 045 Maracaibo
13%
1 579 803 León
11%
1 606 671 Santa Cruz de la Sierra
11%
1 484 430 Valencia
7%
1 643 623 Ecatepec de Morelos
4%
1 270 692 Barquisimeto
2%
1 257 547 Zapopan
1%
Aucun quiz correspondant
Distribution des résultats
% des personnes avec chaque résultat
Percentile par nombre de réponses
Votre historique - résultats
Vous n’avez pas pris ce quiz